|
|
|
|
| LEADER |
01786nam a2200397 a 4500 |
| 001 |
45812 |
| 003 |
BD-DhAAL |
| 005 |
20260520102614.0 |
| 008 |
260520t19831982nyua 000 0 eng |
| 010 |
|
|
|a 82011868
|
| 020 |
|
|
|a 0809042223 :
|c $12.95
|
| 020 |
|
|
|a 9780809042227
|
| 020 |
|
|
|a 9780374522070
|
| 020 |
|
|
|a 0374522073
|
| 035 |
|
|
|a 443530
|
| 040 |
|
|
|a DLC
|c DLC
|d DLC
|d BD-DhAAL
|
| 041 |
1 |
|
|a eng
|a fre
|
| 043 |
|
|
|a a-ja---
|
| 050 |
0 |
0 |
|a DS821
|b .B31713 1982
|
| 082 |
0 |
0 |
|a 952
|2 19
|
| 100 |
1 |
|
|a Barthes, Roland.
|9 16863
|
| 240 |
1 |
0 |
|a Empire des signes.
|l English
|
| 245 |
1 |
0 |
|a Empire of signs /
|c Roland Barthes ; translated by Richard Howard.
|
| 250 |
|
|
|a First paperback edition.
|
| 260 |
|
|
|a New York :
|b Hill and Wang,
|c 1983.
|
| 300 |
|
|
|a x, 108 pages :
|b illustrations ;
|c 20 cm
|
| 500 |
|
|
|a Translation of: L'empire des signes.
|
| 500 |
|
|
|a First paperback edition 1983.
|
| 500 |
|
|
|a Originally published in 1970 by editions d'Art Albert Skira S. A., Switzerland, as L'Empire des signes.
|
| 526 |
8 |
|
|a AAL
|
| 541 |
1 |
|
|a Donated by Embassy of Japan in Bangladesh, Read Japan Project 2025, The Tokyo Foundation, supported by The Nippon Foundation.
|e 45812
|
| 651 |
|
0 |
|a Japan
|x Civilization.
|
| 852 |
1 |
|
|a Ayesha Abed Library
|c General Stacks
|
| 942 |
|
|
|2 ddc
|c BK
|
| 999 |
|
|
|c 47996
|d 47996
|
| 952 |
|
|
|0 0
|1 0
|2 ddc
|4 0
|6 952_000000000000000_BAR
|7 0
|9 79243
|a BRACUL
|b BRACUL
|d 2026-05-20
|e Donated by Embassy of Japan in Bangladesh, Read Japan Project 2025, The Tokyo Foundation, supported by The Nippon Foundation.
|l 0
|o 952 BAR
|p 3010045812
|r 2026-05-20
|t 1
|w 2026-05-20
|y BK
|x Donated copy received from Embassy of Japan in Bangladesh, Read Japan Project 2025, The Tokyo Foundation, supported by The Nippon Foundation on 08 April 2026; $18.00 Price available in the Book
|